<?xml version="1.0" encoding="UTF-8"?><?xml-stylesheet type="text/xsl" href="static/style.xsl"?><OAI-PMH xmlns="http://www.openarchives.org/OAI/2.0/" xmlns:xsi="http://www.w3.org/2001/XMLSchema-instance" xsi:schemaLocation="http://www.openarchives.org/OAI/2.0/ http://www.openarchives.org/OAI/2.0/OAI-PMH.xsd"><responseDate>2026-06-02T06:29:43Z</responseDate><request verb="GetRecord" identifier="oai:riuma.uma.es:10630/37859" metadataPrefix="marc">https://riuma.uma.es/rest/oai/request</request><GetRecord><record><header><identifier>oai:riuma.uma.es:10630/37859</identifier><datestamp>2026-02-03T11:26:36Z</datestamp><setSpec>com_10630_2254</setSpec><setSpec>col_10630_37953</setSpec></header><metadata><record xmlns="http://www.loc.gov/MARC21/slim" xmlns:dcterms="http://purl.org/dc/terms/" xmlns:doc="http://www.lyncode.com/xoai" xmlns:xsi="http://www.w3.org/2001/XMLSchema-instance" xsi:schemaLocation="http://www.loc.gov/MARC21/slim http://www.loc.gov/standards/marcxml/schema/MARC21slim.xsd">
   <leader>00925njm 22002777a 4500</leader>
   <datafield ind2=" " ind1=" " tag="042">
      <subfield code="a">dc</subfield>
   </datafield>
   <datafield ind2=" " ind1=" " tag="720">
      <subfield code="a">Sanabria-Cabrera, Judith Adriana</subfield>
      <subfield code="e">author</subfield>
   </datafield>
   <datafield ind2=" " ind1=" " tag="720">
      <subfield code="a">Tabbai-Amal, Sara</subfield>
      <subfield code="e">author</subfield>
   </datafield>
   <datafield ind2=" " ind1=" " tag="720">
      <subfield code="a">Niu, Hao</subfield>
      <subfield code="e">author</subfield>
   </datafield>
   <datafield ind2=" " ind1=" " tag="720">
      <subfield code="a">Álvarez-Álvarez, Ismael</subfield>
      <subfield code="e">author</subfield>
   </datafield>
   <datafield ind2=" " ind1=" " tag="720">
      <subfield code="a">Licata, Anna</subfield>
      <subfield code="e">author</subfield>
   </datafield>
   <datafield ind2=" " ind1=" " tag="720">
      <subfield code="a">Bjornsson, Einar S.</subfield>
      <subfield code="e">author</subfield>
   </datafield>
   <datafield ind2=" " ind1=" " tag="720">
      <subfield code="a">Andrade-Bellido, Raúl Jesús</subfield>
      <subfield code="e">author</subfield>
   </datafield>
   <datafield ind2=" " ind1=" " tag="720">
      <subfield code="a">Lucena-González, María Isabel</subfield>
      <subfield code="e">author</subfield>
   </datafield>
   <datafield ind2=" " ind1=" " tag="260">
      <subfield code="c">2022</subfield>
   </datafield>
   <datafield ind2=" " ind1=" " tag="520">
      <subfield code="a">Introduction: Idiosyncratic drug-induced liver injury (DILI) is a rare adverse reaction to drugs and other xenobiotics. DILI has different grades of severity and may lead to acute liver failure (ALF), for which there is no effective therapy. N-acetylcysteine (NAC) has been occasionally tested for the treatment of non-acetaminophen drug-induced ALF. However, limited evidence for its efficacy and safety is currently available. Our aim was to elucidate the benefit and safety of NAC in DILI and evaluate its hepatoprotective effect.&#xd;
&#xd;
Methods: We conducted a systematic review to evaluate the management and prevention focused on NAC in idiosyncratic DILI. The main outcomes included mortality due to DILI, time to normalization of liver biochemistry, transplant-free survival, and adverse events. We included clinical trials and observational studies, either prospective or retrospective.&#xd;
&#xd;
Results: A total of 11 studies were included after literature screening. All studies had different methodologies, and some of them had important risk of bias that may lead to interpreting their findings with caution. The majority of the studies proved NAC efficacy in a cohort of patients with ALF due to different etiologies, where DILI represented a subgroup. NAC seemed to improve transplant-free survival; however, its benefit was inconclusive in terms of overall survival. With regard to safety, NAC showed an adequate safety profile. In prevention studies, NAC showed a possible hepatoprotective effect; however, this finding is limited by the lack of studies and presence of bias.&#xd;
&#xd;
Conclusion: NAC treatment seems to have some benefit in non-acetaminophen drug-induced liver failure patients with acceptable safety; however, due to the lack of evidence and limitations detected across studies, its benefit must be corroborated in clinical trials with adequate methodology.</subfield>
   </datafield>
   <datafield ind1="8" ind2=" " tag="024">
      <subfield code="a">Sanabria-Cabrera J, Tabbai S, Niu H, Alvarez-Alvarez I, Licata A, Björnsson E, Andrade RJ, Lucena MI. N-acetylcysteine for the management of non-acetaminophen drug-induced liver injury in adults: a systematic review. Front Pharmacol. 2022;13:876868</subfield>
   </datafield>
   <datafield ind1="8" ind2=" " tag="024">
      <subfield code="a">https://hdl.handle.net/10630/37859</subfield>
   </datafield>
   <datafield ind1="8" ind2=" " tag="024">
      <subfield code="a">10.3389/fphar.2022.876868</subfield>
   </datafield>
   <datafield tag="653" ind2=" " ind1=" ">
      <subfield code="a">Hígado - Heridas y lesiones</subfield>
   </datafield>
   <datafield tag="653" ind2=" " ind1=" ">
      <subfield code="a">Revisiones sistemáticas (Medicina)</subfield>
   </datafield>
   <datafield ind2="0" ind1="0" tag="245">
      <subfield code="a">N-acetylcysteine for the management of non-acetaminophen drug-induced liver injury in adults: a systematic review.</subfield>
   </datafield>
</record>
</metadata></record></GetRecord></OAI-PMH>